Statistics for EU Candidate Countries

Click here to take the quiz!

General Stats

  • This quiz has been taken 87 times
  • The average score is 6 of 7

Answer Stats

Type of CandidateGDP (USD) 2017Country% Correct
Candidate41.43 billionSerbia
97%
Candidate851.1 billionTurkey
93%
Candidate13.04 billionAlbania
92%
Candidate4.77 billionMontenegro
91%
Potential Candidate18.17 billionBosnia and Herzegovina
85%
Candidate11.34 billionMacedonia
85%
Potential Candidate7.13 billionKosovo
80%

Score Distribution

Percentile by Number Answered

Percent of People with Each Score

Your Score History

You have not taken this quiz